Natural rubber ball joint may aid deep water drilling (Record no. 63490)

MARC details
000 -LEADER
fixed length control field 00349nam a2200133Ia 4500
100 ## - MAIN ENTRY--AUTHOR NAME
Personal name Sedillot C G
245 #0 - TITLE STATEMENT
Title Natural rubber ball joint may aid deep water drilling
260 ## - PUBLICATION, DISTRIBUTION, ETC. (IMPRINT)
Name of publisher Rubber Developments
Year of publication 1982
300 ## - PHYSICAL DESCRIPTION
Number of Pages 45-49
650 ## - SUBJECT ADDED ENTRY--TOPICAL TERM
Topical Term Natural rubber
700 ## - ADDED ENTRY--PERSONAL NAME
Personal name Stevenson A
942 ## - ADDED ENTRY ELEMENTS (KOHA)
Koha item type Journals
Holdings
Withdrawn status Lost status Damaged status Not for loan Home library Current library Shelving location Date acquired Serial Enumeration / chronology Koha item type
      Journals RRII Library RRII Library Rubber general 17/12/2021 Volume 35, Issue 2 Journals